| 000 | 00450nam a22001817a 4500 | ||
|---|---|---|---|
| 003 | CEME | ||
| 005 | 20210628203155.0 | ||
| 008 | 210119b xxu||||| |||| 00| 0 eng d | ||
| 020 | _a81-7648-707-4 | ||
| 040 | _cceme | ||
| 082 | _a510 SID | ||
| 100 |
_aSiddiqui, Mujibul Hasan _963764 |
||
| 245 | _aTeaching of mathematics | ||
| 260 |
_aNEW DELHI _bA.P.H _c2005 |
||
| 300 | _a277 P | ||
| 650 |
_aTEACHING OF MATHEMATICS _963765 |
||
| 942 |
_cBK _2ddc |
||
| 999 |
_c572485 _d572485 |
||